000 00481nam a2200193Ia 4500
005 20240823051519.0
008 240823s9999||||xx |||||||||||||| ||und||
020 _a978-81-317-0502-5
041 _aENGLISH
082 _A621.382 Q0
100 _aFlood J E
245 0 _a"Telecommunications Switching,Traffic and Networks"
250 _a1st
260 _c2010
_b"PHI,New York"
500 _aYES
650 _aTelecommunication
_bElectronics
942 _cBK
999 _c219760
_d219760